Training managers to train : (Record no. 3493)

000 -LEADER
fixed length control field nam a22 a 4500
005 - DATE AND TIME OF LATEST TRANSACTION
control field 20170523094322.0
008 - FIXED-LENGTH DATA ELEMENTS--GENERAL INFORMATION
fixed length control field 170523b2004 cau||||| |||| 00| 0 eng d
020 ## - INTERNATIONAL STANDARD BOOK NUMBER
International Standard Book Number 1560527005 (pbk.)
040 ## - CATALOGING SOURCE
Original cataloging agency AKMAL
082 ## - DEWEY DECIMAL CLASSIFICATION NUMBER
Classification number 658.42 ZAC
090 ## - LOCALLY ASSIGNED LC-TYPE CALL NUMBER (OCLC); LOCAL CALL NUMBER (RLIN)
Classification number (OCLC) (R) ; Classification number, CALL (RLIN) (NR) 658.42
Local cutter number (OCLC) ; Book number/undivided call number, CALL (RLIN) ZAC
100 1# - MAIN ENTRY--PERSONAL NAME
Personal name Zaccarelli, Herman E.
9 (RLIN) 6998
245 10 - TITLE STATEMENT
Title Training managers to train :
Remainder of title developing diverse talents /
Statement of responsibility, etc. Herman E. Zaccarelli.
250 ## - EDITION STATEMENT
Edition statement 3rd ed.
260 ## - PUBLICATION, DISTRIBUTION, ETC.
Place of publication, distribution, etc. Menlo Park, CA :
Name of publisher, distributor, etc. Crisp Publications,
Date of publication, distribution, etc. c2004.
300 ## - PHYSICAL DESCRIPTION
Extent x, 94 p. :
Other physical details ill. ;
Dimensions 26cm
490 1# - SERIES STATEMENT
Series statement A Fifty-Minute series book
500 ## - GENERAL NOTE
General note Rev. ed. of: Training managers to train / David K. Hayes. 1996.
650 #0 - SUBJECT ADDED ENTRY--TOPICAL TERM
Topical term or geographic name entry element Employees
General subdivision Training of.
9 (RLIN) 3413
650 #0 - SUBJECT ADDED ENTRY--TOPICAL TERM
Topical term or geographic name entry element Executive ability.
9 (RLIN) 1222
700 1# - ADDED ENTRY--PERSONAL NAME
Personal name Hayes, David K. |t Training managers to train.
9 (RLIN) 6999
830 #0 - SERIES ADDED ENTRY--UNIFORM TITLE
Uniform title Fifty-Minute series.
9 (RLIN) 1134
942 ## - ADDED ENTRY ELEMENTS (KOHA)
Source of classification or shelving scheme
Koha item type Book
Holdings
Withdrawn status Lost status Source of classification or shelving scheme Damaged status Not for loan Collection code Home library Current library Shelving location Date acquired Inventory number Total Checkouts Full call number Barcode Date last seen Price effective from Koha item type
          NON-FICTION AKMAL Melaka AKMAL Melaka PINJAMAN 23.05.2017 602327   658.42 ZAC 201704515 23.05.2017 23.05.2017 Book
Pusat Sumber Maklumat Dato' Haji Sarmin Md Hussin, Akademi Kastam Diraja Malaysia, Melaka
Tel: 06-2331106 | Faks: 06-2313787